000 00515nam a22002057a 4500
999 _c458956
_d458956
001 216216951
003 UA-OsUOA
005 20200422111519.0
008 200422b un ||||| |||| 00| 0 ukr d
040 _aUA-OsUOA
_bukr
_cUA-OsUOA
_dUA-OsUOA
041 _aukr
080 _a821.161.1
090 _a821.161.1
_bН42
245 _aНедорисованный портрет
260 _aМосква
_bПросвещение
_c1991
300 _a462 с.
650 _2821
942 _2udc
_cBK
955 _a3